Interviewing (Record no. 229990)
[ view plain ]
| 000 -LEADER | |
|---|---|
| fixed length control field | 00989nam a22002297a 4500 |
| 005 - DATE AND TIME OF LATEST TRANSACTION | |
| control field | 20250719140202.0 |
| 008 - FIXED-LENGTH DATA ELEMENTS--GENERAL INFORMATION | |
| fixed length control field | 240304b ||||| |||| 00| 0 eng d |
| 020 ## - INTERNATIONAL STANDARD BOOK NUMBER | |
| International Standard Book Number | 9781032124063 |
| 040 ## - CATALOGING SOURCE | |
| Transcribing agency | AL |
| 041 ## - LANGUAGE CODE | |
| Language code of text/sound track or separate title | English |
| 082 ## - DEWEY DECIMAL CLASSIFICATION NUMBER | |
| Classification number | 070.43 |
| Item number | SEDI |
| 100 ## - MAIN ENTRY--PERSONAL NAME | |
| Personal name | Gail Sedorkin |
| 9 (RLIN) | 152682 |
| 245 ## - TITLE STATEMENT | |
| Title | Interviewing |
| Remainder of title | : a guide for journalists and professional writers |
| 250 ## - EDITION STATEMENT | |
| Edition statement | 3rd ed. |
| 260 ## - PUBLICATION, DISTRIBUTION, ETC. | |
| Place of publication, distribution, etc. | London |
| Name of publisher, distributor, etc. | Routledge Taylor and Francis Group |
| Date of publication, distribution, etc. | 2023 |
| 300 ## - PHYSICAL DESCRIPTION | |
| Extent | xii,180p. |
| Other physical details | PB |
| Dimensions | 20x13cm. |
| 365 ## - TRADE PRICE | |
| Source of price type code | General |
| Price type code | 7739 |
| Price amount | ₹1718.00 |
| Currency code | ₹ |
| Unit of pricing | ₹2202.90 |
| Price note | 22% |
| Price effective from | 15/02/2024 |
| 520 ## - SUMMARY, ETC. | |
| Summary, etc. | This is an essential guide to the art of interviewing, with checklists, tips and examples from leading journalists and PR specialists, covering basic to advanced techniques. Sedorkin and Forbes provide a comprehensive, step-by-step overview of how to manage the interview process. |
| 650 ## - SUBJECT ADDED ENTRY--TOPICAL TERM | |
| Source of heading or term | Journalism And Publishing |
| Topical term or geographic name entry element | Reporting |
| 9 (RLIN) | 152683 |
| 700 ## - ADDED ENTRY--PERSONAL NAME | |
| Personal name | Forbes Amy; et.al |
| 9 (RLIN) | 152684 |
| 942 ## - ADDED ENTRY ELEMENTS (KOHA) | |
| Source of classification or shelving scheme | Dewey Decimal Classification |
| Koha item type | Book |
| Withdrawn status | Lost status | Source of classification or shelving scheme | Damaged status | Not for loan | Collection code | Home library | Current library | Date acquired | Source of acquisition | Cost, normal purchase price | Total Checkouts | Full call number | Barcode | Date last seen | Cost, replacement price | Price effective from | Koha item type |
|---|---|---|---|---|---|---|---|---|---|---|---|---|---|---|---|---|---|
| Dewey Decimal Classification | MAJMC | St Aloysius PG Library | St Aloysius PG Library | 02/22/2024 | Biblios Book Point | 1718.00 | 070.43 SEDI | PG024625 | 03/04/2024 | 2202.90 | 03/04/2024 | Book |